| 000 | 00370cam a2200145ua 4500 | ||
|---|---|---|---|
| 041 |
_ahin _h |
||
| 082 |
_a891.43 _bRAV/CH |
||
| 100 | _aRavindranath Tagore, . | ||
| 245 |
_aChand Sitare / _cRavindra nath Tagore. _hTextual Documents |
||
| 260 |
_a : _bNarayanadath sahgal and sons , _c1961. |
||
| 300 | _a143 ; . | ||
| 504 | _a | ||
| 942 | _cBK | ||
| 999 |
_c11646 _d11646 |
||